000 00493 a2200133 4500
001 ART_15811
005 20260410161918.0
008 260409a
245 1 0 _aInvestigación, docencia y transparencia de la contabilidad social y ambiental en Argentina
100 1 _aGarcía Fronti, Inés M.
700 1 _aD´Onofrio, Paula Alejandra
700 1 _aScavone, Graciela María
773 0 _tDocumentos de trabajo de contabilidad social
_g- Año 3, Nº 2 (dic. 2010)
_wREV14388
999 _c27485
_d27485